[Event "RA CC-ch"]
[Site "Ottawa CAN"]
[Date "2009.02.19"]
[Round "6"]
[White "Pacey, Kevin"]
[Black "Szalay, Karoly"]
[Result "1/2-1/2"]
[WhiteElo "2318"]
[BlackElo "2192"]
[PlyCount "137"]
[GameId "2160767910264942"]
[EventDate "2009.01.29"]
[EventType "swiss"]
[EventRounds "6"]
[EventCountry "CAN"]

1. d4 d5 2. c4 e6 3. Nf3 c6 4. Nbd2 Nf6 5. g3 Ne4 6. Qc2 f5 7. Bg2 Be7 8. O-O Bf6 9. e3 Nd7 10. Ne1 O-O 11. Nd3 Kh8 12. Nf3 Qc7 13. b3 dxc4 14. bxc4 c5 15. Bb2 b6 16. Nf4 Re8 17. Nh5 Ba6 18. Nxf6 Ndxf6 19. Ne5 Rac8 20. Rfc1 Bb7 21. f3 Nd6 22. dxc5 bxc5 23. Rd1 Nf7 24. Nxf7+ Qxf7 25. Rd6 Rcd8 26. Rad1 Rxd6 27. Rxd6 Qe7 28. Rd2 Rd8 29. Qd1 Rxd2 30. Qxd2 Qd7 31. Qxd7 Nxd7 32. Kf2 e5 33. Bh3 Nb6 34. Ba3 g6 35. Bxc5 Kg7 36. Bf1 Kf6 37. a4 Nxa4 38. Bxa7 Nc3 39. f4 Ne4+ 40. Ke1 g5 41. Bb8 exf4 42. exf4 g4 43. Ba7 Ba6 44. Bb8 Ke6 45. Kd1 Kd7 46. Kc2 Kc6 47. Ba7 Bc8 48. Bd3 Nd6 49. Kc3 Be6 50. Kb4 Nb7 51. Bd4 Nd8 52. Bc2 Nb7 53. Ba4+ Kc7 54. c5 Nd8 55. Be5+ Kb7 56. Bd6 Nc6+ 57. Kc3 Na5 58. Bb5 Bc8 59. Kd4 Nc6+ 60. Bxc6+ Kxc6 61. Ke5 Bd7 62. Kf6 Bc8 63. Kg7 Bd7 64. Kxh7 Kd5 65. Kg6 Ke6 66. Kg5 Bc6 67. Kh4 Bg2 68. Be5 Kf7 69. Kg5 1/2-1/2

[Event "RA Fall op"]
[Site "Ottawa CAN"]
[Date "2009.09.25"]
[Round "1"]
[White "Abrahams, Daniel"]
[Black "Pacey, Kevin"]
[Result "0-1"]
[WhiteElo "2028"]
[BlackElo "2334"]
[PlyCount "82"]
[GameId "2160767910096656"]
[EventDate "2009.09.25"]
[EventType "swiss"]
[EventRounds "5"]
[EventCountry "CAN"]

1. e4 d6 2. d4 Nf6 3. Bd3 Nc6 4. c3 e5 5. Ne2 g6 6. O-O Bg7 7. Qa4 O-O 8. Bg5 h6 9. Bh4 Bd7 10. Qb3 Rb8 11. Nd2 g5 12. Bg3 Nh5 13. d5 Ne7 14. f3 Ng6 15. c4 Nhf4 16. Rac1 c5 17. Bxf4 exf4 18. Qa3 Ne5 19. Rb1 a5 20. Bc2 b5 21. b3 b4 22. Qc1 Ra8 23. a4 bxa3 24. Qxa3 Qb6 25. Qc1 Qa7 26. g3 Ng6 27. gxf4 gxf4 28. Kh1 Bh3 29. Rg1 Qe7 30. Qe1 Kh8 31. Qf2 Be5 32. Rbd1 Rg8 33. Nb1 Nh4 34. Ng3 fxg3 35. hxg3 Bg2+ 36. Rxg2 Nxg2 37. f4 Nxf4 38. gxf4 Qf6 39. Rf1 Bd4 40. e5 dxe5 41. Qe1 Rg4 0-1

[Event "RA Fall op"]
[Site "Ottawa CAN"]
[Date "2009.09.26"]
[Round "2"]
[White "Pacey, Kevin"]
[Black "Doubleday, William"]
[Result "1/2-1/2"]
[WhiteElo "2334"]
[BlackElo "2193"]
[PlyCount "65"]
[GameId "2160767910096657"]
[EventDate "2009.09.25"]
[EventType "swiss"]
[EventRounds "5"]
[EventCountry "CAN"]

1. d4 d5 2. Nf3 Nf6 3. c4 c6 4. e3 e6 5. Bd3 Nbd7 6. O-O dxc4 7. Bxc4 b5 8. Bd3 Bb7 9. e4 a6 10. Bg5 Be7 11. Nbd2 c5 12. e5 Nd5 13. Bxe7 Nxe7 14. Ne4 Bxe4 15. Bxe4 Rb8 16. b3 cxd4 17. Qxd4 Nb6 18. Qb2 O-O 19. Rfd1 Nbd5 20. Rac1 Rc8 21. Rxc8 Qxc8 22. Rc1 Qd7 23. g3 h6 24. Rc5 Rc8 25. Qc1 Rxc5 26. Qxc5 Qc7 27. Qxc7 Nxc7 28. a3 a5 29. Nd4 b4 30. a4 Na6 31. Bd3 Nc5 32. Bc4 Kf8 33. f4 1/2-1/2

[Event "RA Fall op"]
[Site "Ottawa CAN"]
[Date "2009.09.26"]
[Round "3"]
[White "Barclay, Wayne"]
[Black "Pacey, Kevin"]
[Result "1-0"]
[WhiteElo "2224"]
[BlackElo "2334"]
[PlyCount "97"]
[GameId "2160767910096658"]
[EventDate "2009.09.25"]
[EventType "swiss"]
[EventRounds "5"]
[EventCountry "CAN"]

1. d4 Nf6 2. c4 e6 3. Nc3 Bb4 4. Qc2 O-O 5. Bg5 c5 6. e3 h6 7. Bh4 cxd4 8. exd4 d5 9. Nf3 dxc4 10. Bxf6 Qxf6 11. Bxc4 Nc6 12. Rd1 e5 13. O-O Bxc3 14. Qxc3 exd4 15. Nxd4 Ne5 16. Bd5 Rb8 17. Rfe1 Bg4 18. f3 Bh5 19. Kh1 Rfc8 20. Qb3 Nc6 21. Ne2 Bg6 22. Rd2 Ne7 23. Nc3 Qh4 24. Qd1 Nxd5 25. Nxd5 Kh7 26. Rd4 Qg5 27. f4 Qh5 28. g4 Qh3 29. f5 Bxf5 30. gxf5 Re8 31. Rf1 Rbd8 32. Qf3 Qxf3+ 33. Rxf3 Rd6 34. Rfd3 Re1+ 35. Kg2 Re2+ 36. Kg3 Rxb2 37. Rd2 Rb5 38. Kf4 Rc6 39. Ne3 g6 40. fxg6+ Rxg6 41. Rd5 Rb4+ 42. R2d4 Rb2 43. Rd2 Rb4+ 44. Kf3 Re6 45. Rd7 Rf6+ 46. Ke2 a5 47. Nd5 Re6+ 48. Kd3 Rb5 49. Nc7 1-0

[Event "RA Fall op"]
[Site "Ottawa CAN"]
[Date "2009.09.27"]
[Round "4"]
[White "Pacey, Kevin"]
[Black "Gagnon, Serge"]
[Result "1-0"]
[WhiteElo "2334"]
[BlackElo "1986"]
[PlyCount "67"]
[GameId "2160767910096659"]
[EventDate "2009.09.25"]
[EventType "swiss"]
[EventRounds "5"]
[EventCountry "CAN"]

1. e4 d6 2. d4 g6 3. Nf3 Bg7 4. Bc4 c5 5. c3 Qa5 6. Qb3 e6 7. dxc5 dxc5 8. Bb5+ Nc6 9. Be3 Nf6 10. Nbd2 Nd7 11. Nc4 Qc7 12. Rd1 O-O 13. Nd6 a6 14. Be2 b5 15. O-O c4 16. Qc2 e5 17. Nxc8 Raxc8 18. b3 cxb3 19. axb3 Rfd8 20. Qa2 Ncb8 21. b4 Nf6 22. Rxd8+ Rxd8 23. c4 Nxe4 24. cxb5 axb5 25. Bxb5 Nc3 26. Qc4 Nxb5 27. Qxb5 Qc6 28. Qxc6 Nxc6 29. b5 Nd4 30. b6 Rb8 31. Rb1 Kf8 32. b7 Ke7 33. Nxd4 exd4 34. Bf4 1-0

[Event "RA Fall op"]
[Site "Ottawa CAN"]
[Date "2009.09.27"]
[Round "5"]
[White "Dunn, David"]
[Black "Pacey, Kevin"]
[Result "1/2-1/2"]
[WhiteElo "2166"]
[BlackElo "2334"]
[PlyCount "77"]
[GameId "2160767910096660"]
[EventDate "2009.09.25"]
[EventType "swiss"]
[EventRounds "5"]
[EventCountry "CAN"]

1. e4 e6 2. d4 d5 3. Nc3 Bb4 4. a3 Bxc3+ 5. bxc3 dxe4 6. Qg4 Nf6 7. Qxg7 Rg8 8. Qh6 Nbd7 9. Ne2 b6 10. Ng3 Bb7 11. Bg5 Qe7 12. Bb5 Rg6 13. Qh4 h6 14. Bc1 a6 15. Be2 O-O-O 16. a4 Qf8 17. Ba3 Qg8 18. c4 Ng4 19. Bxg4 Rxg4 20. Qxh6 f5 21. O-O-O f4 22. Ne2 Qf7 23. h3 Rxg2 24. Nxf4 Rxf2 25. Nxe6 Re8 26. d5 Qf3 27. Bb2 Qg2 28. Nd4 e3 29. Rhg1 Qh2 30. Rh1 Qf4 31. Qxf4 Rxf4 32. Rdf1 Rh4 33. Re1 Ree4 34. Nf5 Rh5 35. Rxe3 Rxe3 36. Nxe3 Nc5 37. a5 bxa5 38. Bd4 Ne4 39. h4 1/2-1/2

[Event "RA Spring Active"]
[Site "Ottawa CAN"]
[Date "2009.03.05"]
[Round "1"]
[White "Abt, Michael"]
[Black "Pacey, Kevin"]
[Result "0-1"]
[WhiteElo "1750"]
[BlackElo "2112"]
[PlyCount "70"]
[GameId "2160767910239863"]
[EventDate "2009.03.05"]
[EventType "swiss (rapid)"]
[EventRounds "6"]
[EventCountry "CAN"]

1. e4 e5 2. Bc4 Nf6 3. Nc3 Nxe4 4. Bxf7+ Kxf7 5. Nxe4 d5 6. Ng3 Nc6 7. c3 Bd6 8. Qf3+ Qf6 9. Qxd5+ Be6 10. Qf3 h6 11. Ne4 Qxf3 12. Nxd6+ cxd6 13. Nxf3 Bc4 14. b3 Bd3 15. Ng1 Ke6 16. Ne2 Rhf8 17. f3 e4 18. Rf1 exf3 19. gxf3 Rae8 20. Rf2 Kd7 21. f4 Re7 22. Rf3 Rxe2+ 23. Kd1 Ba6 24. c4 Rfe8 25. Re3 R8xe3 26. dxe3 Rxh2 27. Bd2 Rh1+ 28. Be1 Nb4 29. Ke2 Nc2 30. Rc1 Rxe1+ 31. Rxe1 Nxe1 32. Kxe1 b5 33. cxb5 Bxb5 34. a4 Bc6 35. Kf2 a5 0-1

[Event "RA Spring Active"]
[Site "Ottawa CAN"]
[Date "2009.03.05"]
[Round "2"]
[White "Pacey, Kevin"]
[Black "Van Dusen, Eric"]
[Result "1/2-1/2"]
[WhiteElo "2112"]
[BlackElo "1850"]
[PlyCount "70"]
[GameId "2160767910239864"]
[EventDate "2009.03.05"]
[EventType "swiss (rapid)"]
[EventRounds "6"]
[EventCountry "CAN"]

1. c4 g6 2. d4 Nf6 3. Nc3 d5 4. Nf3 Bg7 5. e3 c5 6. Be2 cxd4 7. exd4 dxc4 8. Bxc4 O-O 9. O-O Bg4 10. h3 Bxf3 11. Qxf3 Nc6 12. d5 Ne5 13. Qe2 Nxc4 14. Qxc4 Rc8 15. Qb3 Qd7 16. Be3 b6 17. Rad1 Ne8 18. Rfe1 Nd6 19. Bd4 Rc4 20. Bxg7 Kxg7 21. Re5 Rfc8 22. Rde1 Nf5 23. Qa3 b5 24. Qa5 b4 25. Na4 Qd6 26. Qxa7 Rc1 27. R5e4 Qxd5 28. Kh2 Rxe1 29. Rxe1 Qxa2 30. g4 Nd6 31. Qxe7 Re8 32. Qxd6 Rxe1 33. Qd4+ Kg8 34. Qd8+ Kg7 35. Qd4+ Kg8 1/2-1/2

[Event "RA Spring Active"]
[Site "Ottawa CAN"]
[Date "2009.03.05"]
[Round "3"]
[White "Pacey, Kevin"]
[Black "Wasserman, Jerry"]
[Result "0-1"]
[WhiteElo "2112"]
[BlackElo "2000"]
[PlyCount "80"]
[GameId "2160767910239865"]
[EventDate "2009.03.05"]
[EventType "swiss (rapid)"]
[EventRounds "6"]
[EventCountry "CAN"]

1. e4 e6 2. d4 d5 3. e5 c5 4. c3 Nc6 5. Nf3 Qb6 6. Bd3 Bd7 7. dxc5 Bxc5 8. O-O a5 9. a4 Nge7 10. Na3 Ng6 11. Qe2 Bxa3 12. Rxa3 O-O 13. h4 Qc7 14. Re1 f5 15. exf6 Rxf6 16. Ng5 h6 17. Bxg6 Rxg6 18. Qd3 Ne7 19. h5 Rxg5 20. Bxg5 hxg5 21. g3 Rf8 22. Qd4 Rf5 23. Rb3 e5 24. Qb6 Qxb6 25. Rxb6 Bc6 26. b4 Nc8 27. Rxc6 bxc6 28. g4 Rf4 29. Rxe5 Rxg4+ 30. Kf1 Kf7 31. b5 Kf6 32. Re8 Nd6 33. b6 Rxa4 34. Rd8 Ke7 35. Rg8 Ne8 36. Rxg7+ Nxg7 37. h6 Ra1+ 38. Kg2 Nf5 39. h7 Nh4+ 40. Kh2 Ng6 0-1

[Event "RA Spring Thaw"]
[Site "Ottawa CAN"]
[Date "2009.03.26"]
[Round "1"]
[White "Pacey, Kevin"]
[Black "Szalay, Karoly"]
[Result "1/2-1/2"]
[WhiteElo "2314"]
[BlackElo "2218"]
[PlyCount "103"]
[GameId "2160767910223055"]
[EventDate "2009.03.26"]
[EventType "swiss"]
[EventRounds "6"]
[EventCountry "CAN"]

1. e4 e5 2. Nf3 Nc6 3. Bc4 Nf6 4. d4 exd4 5. Ng5 d5 6. exd5 Na5 7. Bb5+ c6 8. dxc6 bxc6 9. Be2 Be7 10. c3 Nd5 11. Ne4 dxc3 12. Nbxc3 O-O 13. O-O Rb8 14. Qd3 Be6 15. Rd1 Qc7 16. Nxd5 cxd5 17. Qg3 Qxg3 18. Nxg3 Bf6 19. Rb1 g6 20. b4 Nc6 21. Bh6 Rfd8 22. b5 Nd4 23. Bd3 Bd7 24. a4 Ne6 25. Rdc1 Be7 26. a5 Nc5 27. Bf1 Bd6 28. Be3 Rdc8 29. b6 axb6 30. Rxb6 Rxb6 31. axb6 Na4 32. Rxc8+ Bxc8 33. Bb5 Nc5 34. Bc6 Be6 35. Ne2 Na6 36. Nc3 Nb4 37. Ba8 Kf8 38. Nb5 Be7 39. b7 Na6 40. Bf4 Bd7 41. Na7 d4 42. b8=Q+ Nxb8 43. Bxb8 d3 44. Kf1 Bb4 45. Bc6 Be6 46. Ba4 Bc4 47. f4 f6 48. Nc6 d2+ 49. Kf2 Bc5+ 50. Kf3 d1=Q+ 51. Bxd1 Bd5+ 52. Kg3 1/2-1/2

[Event "RA Spring Thaw"]
[Site "Ottawa CAN"]
[Date "2009.04.02"]
[Round "2"]
[White "Qin, Zi Yi (Joey)"]
[Black "Pacey, Kevin"]
[Result "0-1"]
[WhiteElo "2226"]
[BlackElo "2314"]
[PlyCount "76"]
[GameId "2160767910223056"]
[EventDate "2009.03.26"]
[EventType "swiss"]
[EventRounds "6"]
[EventCountry "CAN"]

1. e4 Nc6 2. Nf3 d6 3. d4 Nf6 4. Nc3 Bg4 5. Be2 e6 6. Be3 Be7 7. Nd2 Bxe2 8. Qxe2 a6 9. O-O-O b5 10. a3 b4 11. axb4 Nxb4 12. g4 d5 13. f4 dxe4 14. Rdf1 Nbd5 15. Ndxe4 Nxe3 16. Qxe3 Nd5 17. Nxd5 Qxd5 18. Nc3 Qc4 19. f5 O-O 20. g5 Bb4 21. f6 Bxc3 22. bxc3 c5 23. Rf4 Rac8 24. fxg7 Kxg7 25. Rhf1 cxd4 26. Qf2 e5 27. Rh4 Qe6 28. Rh6 Qe7 29. Qf5 Rh8 30. Rxa6 dxc3 31. h4 Rb8 32. h5 Rhf8 33. Rh1 Qc5 34. Qe4 Rb4 35. Qf3 Rfb8 36. Ra1 Rf4 37. Qg3 Qb4 38. h6+ Kg8 0-1

[Event "RA Spring Thaw"]
[Site "Ottawa CAN"]
[Date "2009.04.09"]
[Round "3"]
[White "Pacey, Kevin"]
[Black "Gordon, David"]
[Result "1-0"]
[WhiteElo "2314"]
[BlackElo "2248"]
[PlyCount "101"]
[GameId "2160767910223057"]
[EventDate "2009.03.26"]
[EventType "swiss"]
[EventRounds "6"]
[EventCountry "CAN"]

1. c4 e5 2. g3 g6 3. Bg2 Bg7 4. Nc3 d6 5. Nf3 f5 6. O-O Nf6 7. d3 O-O 8. Rb1 a5 9. a3 c6 10. Bg5 h6 11. Bxf6 Qxf6 12. Ne1 Be6 13. Na4 Nd7 14. b4 axb4 15. axb4 d5 16. cxd5 cxd5 17. Nc5 Nxc5 18. bxc5 Qe7 19. Rb6 Ra6 20. Qb3 Rxb6 21. Qxb6 Rc8 22. d4 Rc6 23. Qb3 e4 24. Nc2 b6 25. cxb6 Qb7 26. Rb1 Bf6 27. Qb5 Bf7 28. Qxc6 Qxc6 29. b7 Qxc2 30. b8=Q+ Kg7 31. e3 g5 32. Rb7 f4 33. Qe8 Qb1+ 34. Rxb1 Bxe8 35. Rb7+ Kg6 36. Rb6 h5 37. Bf1 fxe3 38. fxe3 Kf5 39. Bb5 Bxb5 40. Rxb5 Ke6 41. Rb6+ Ke7 42. Kf2 h4 43. g4 Bh8 44. h3 Bf6 45. Ke2 Bh8 46. Kd2 Bf6 47. Kc3 Bh8 48. Kb4 Bg7 49. Rb7+ Kf6 50. Rxg7 Kxg7 51. Kc5 1-0

[Event "RA Spring Thaw"]
[Site "Ottawa CAN"]
[Date "2009.04.16"]
[Round "4"]
[White "Szalay, Karoly"]
[Black "Pacey, Kevin"]
[Result "1/2-1/2"]
[WhiteElo "2218"]
[BlackElo "2314"]
[PlyCount "94"]
[GameId "2160767910223058"]
[EventDate "2009.03.26"]
[EventType "swiss"]
[EventRounds "6"]
[EventCountry "CAN"]

1. e4 Nc6 2. d4 e5 3. dxe5 Nxe5 4. Be3 Nf6 5. f4 Neg4 6. Bd4 d5 7. h3 c5 8. hxg4 cxd4 9. e5 Qa5+ 10. Qd2 Qxd2+ 11. Nxd2 Nxg4 12. Ngf3 Bc5 13. Bb5+ Ke7 14. Nb3 Bb6 15. Nfxd4 Ne3 16. Kd2 Nc4+ 17. Kc3 Bg4 18. Bxc4 Rac8 19. Nd2 dxc4 20. Ne4 Rhd8 21. Nd6 Ba5+ 22. b4 cxb3+ 23. Kxb3 Rc3+ 24. Kb2 Rc5 25. c4 Bc7 26. Nb3 Rc6 27. c5 b6 28. Rxh7 bxc5 29. Rxg7 Be6 30. f5 Bxb3 31. axb3 Bxd6 32. exd6+ Rcxd6 33. Rxa7+ R8d7 34. Rxd7+ Rxd7 35. Rg4 Rd5 36. Re4+ Kd6 37. g4 Rd1 38. Kc3 Rc1+ 39. Kd3 Rg1 40. Kc4 Rg3 41. f6 Kc6 42. Rf4 Kd6 43. Re4 Kc6 44. Re7 Rxg4+ 45. Kc3 Rg3+ 46. Kb2 Rg2+ 47. Ka3 Rg3 1/2-1/2

[Event "RA Spring Thaw"]
[Site "Ottawa CAN"]
[Date "2009.04.23"]
[Round "5"]
[White "Pacey, Kevin"]
[Black "Qin, Zi Yi (Joey)"]
[Result "1/2-1/2"]
[WhiteElo "2314"]
[BlackElo "2226"]
[PlyCount "61"]
[GameId "2160767910223059"]
[EventDate "2009.03.26"]
[EventType "swiss"]
[EventRounds "6"]
[EventCountry "CAN"]

1. e4 c5 2. c3 Nf6 3. e5 Nd5 4. d4 cxd4 5. Nf3 d6 6. Qxd4 e6 7. Bb5+ Bd7 8. Bg5 Qb6 9. Qxb6 Nxb6 10. Be2 Nc6 11. exd6 Bxd6 12. Nbd2 f6 13. Ne4 Be7 14. Be3 Nd5 15. Bc5 Nf4 16. Bf1 b6 17. Nd6+ Kf8 18. Ba3 Nd8 19. Rg1 Nf7 20. Nxf7 Kxf7 21. Bxe7 Kxe7 22. g3 Nd5 23. Bc4 Nc7 24. O-O-O e5 25. Rge1 Be6 26. Bxe6 Nxe6 27. Nh4 Rad8 28. Nf5+ Kf7 29. Nd6+ Ke7 30. Nf5+ Kf7 31. Nd6+ 1/2-1/2

[Event "RA Spring Thaw"]
[Site "Ottawa CAN"]
[Date "2009.04.30"]
[Round "6"]
[White "Gordon, David"]
[Black "Pacey, Kevin"]
[Result "0-1"]
[WhiteElo "2248"]
[BlackElo "2314"]
[PlyCount "90"]
[GameId "2160767910223060"]
[EventDate "2009.03.26"]
[EventType "swiss"]
[EventRounds "6"]
[EventCountry "CAN"]

1. d4 Nf6 2. Bg5 d5 3. Bxf6 exf6 4. g3 c5 5. Bg2 cxd4 6. Nf3 Qb6 7. O-O Qxb2 8. Qxd4 Qxd4 9. Nxd4 Bd7 10. e4 dxe4 11. Bxe4 Nc6 12. Nb5 O-O-O 13. N1c3 a6 14. a4 Bh3 15. Rfb1 f5 16. Na7+ Kc7 17. Rxb7+ Kxb7 18. Nxc6 Re8 19. Bd5 g5 20. Nb4+ Kc8 21. Nba2 Bg7 22. Bxf7 Re5 23. Bc4 Rc5 24. Bxa6+ Kc7 25. Rb1 Bxc3 26. Rb7+ Kd6 27. Rb6+ Ke5 28. Nc1 Rd5 29. f4+ gxf4 30. gxf4+ Ke4 31. Re6+ Kf3 32. Be2+ Kxf4 33. Nd3+ Kg5 34. Kf2 f4 35. Re4 Rf8 36. Bf3 Rd4 37. Re5+ Rf5 38. Re7 h5 39. Re6 Rxa4 40. Be4 Rf6 41. Re8 Bd4+ 42. Ke2 Bg4+ 43. Kd2 f3 44. Rg8+ Kh4 45. h3 Kxh3 0-1

[Event "RA Spring op"]
[Site "Ottawa CAN"]
[Date "2009.03.20"]
[Round "1"]
[White "Pace, Christopher"]
[Black "Pacey, Kevin"]
[Result "0-1"]
[WhiteElo "2035"]
[BlackElo "2318"]
[PlyCount "120"]
[GameId "2160767910231345"]
[EventDate "2009.03.20"]
[EventType "swiss"]
[EventRounds "5"]
[EventCountry "CAN"]

1. Nf3 d5 2. d4 c5 3. c3 e6 4. Bf4 Nc6 5. e3 Nf6 6. Bd3 Qb6 7. Qb3 c4 8. Qxb6 axb6 9. Bc2 b5 10. Nbd2 b4 11. Ke2 Nh5 12. Bg3 f5 13. Be5 b5 14. h3 bxc3 15. bxc3 b4 16. g4 bxc3 17. Nb1 Nb4 18. Kd1 Nf6 19. Bxf6 gxf6 20. gxf5 Rxa2 21. Rxa2 Nxa2 22. fxe6 Bxe6 23. Ne1 Kf7 24. Ng2 Bd6 25. Nh4 Rb8 26. Bxh7 Rb2 27. Bg6+ Ke7 28. f4 Bd7 29. Nf5+ Kf8 30. Nxd6 Ba4+ 31. Ke1 c2 32. Bxc2 Rxc2 33. Rg1 Rc1+ 34. Kf2 Rxg1 35. Kxg1 c3 36. Nxc3 Nxc3 37. Kg2 Bc2 38. Kf3 Ke7 39. Nb7 Be4+ 40. Kf2 Bf5 41. h4 Ne4+ 42. Kf3 Kf7 43. Nd8+ Kg6 44. Nc6 Kh5 45. Ne7 Bg4+ 46. Kg2 Nc3 47. Kg3 f5 48. Ng8 Ne4+ 49. Kg2 Kxh4 50. Ne7 Nc3 51. Kf1 Kg3 52. Ke1 Kf3 53. Kd2 Ne4+ 54. Kd3 Nf6 55. Kd2 Bh3 56. Kd3 Bf1+ 57. Kd2 Ke4 58. Nc8 Ne8 59. Ke1 Bc4 60. Kd2 Ba6 0-1

[Event "RA Spring op"]
[Site "Ottawa CAN"]
[Date "2009.03.21"]
[Round "2"]
[White "Pacey, Kevin"]
[Black "Kirby, Patrick"]
[Result "1-0"]
[WhiteElo "2318"]
[BlackElo "2221"]
[PlyCount "51"]
[GameId "2160767910231346"]
[EventDate "2009.03.20"]
[EventType "swiss"]
[EventRounds "5"]
[EventCountry "CAN"]

1. d4 d5 2. c4 e6 3. Nf3 Nf6 4. g3 a6 5. Bg2 dxc4 6. O-O b5 7. a4 Bb7 8. Bg5 Be7 9. Na3 c6 10. Ne5 O-O 11. e4 Nfd7 12. Bf4 Nxe5 13. Bxe5 Nd7 14. Bf4 Nb6 15. a5 Na4 16. Nxc4 c5 17. d5 exd5 18. exd5 Bf6 19. Ra2 Ra7 20. Re1 Bd4 21. Nd6 Ba8 22. Qe2 Kh8 23. Be5 f6 24. Bxd4 Qxd6 25. Be3 Rd7 26. Bf4 1-0

[Event "RA Spring op"]
[Site "Ottawa CAN"]
[Date "2009.03.22"]
[Round "4"]
[White "Doubleday, William"]
[Black "Pacey, Kevin"]
[Result "1/2-1/2"]
[WhiteElo "2162"]
[BlackElo "2318"]
[PlyCount "62"]
[GameId "2160767910231348"]
[EventDate "2009.03.20"]
[EventType "swiss"]
[EventRounds "5"]
[EventCountry "CAN"]

1. d4 d5 2. c4 e6 3. Nc3 Nf6 4. Bg5 Be7 5. e3 O-O 6. Nf3 Nbd7 7. h3 a6 8. a3 Re8 9. Bd3 h6 10. Bf4 c5 11. cxd5 exd5 12. dxc5 Nxc5 13. Be5 d4 14. Bxd4 Nxd3+ 15. Qxd3 Be6 16. O-O b5 17. Rfd1 Qb8 18. Rac1 Qb7 19. Nd2 Rad8 20. Qe2 Rc8 21. f3 Red8 22. Qf2 Qb8 23. Nce4 Nxe4 24. Nxe4 Bb3 25. Re1 Bc4 26. Qg3 Qxg3 27. Nxg3 Bh4 28. Nf5 Bxe1 29. Ne7+ Kf8 30. Nxc8 Bd2 31. Rc2 Bxe3+ 1/2-1/2

[Event "RA Spring op"]
[Site "Ottawa CAN"]
[Date "2009.03.22"]
[Round "5"]
[White "Sapozhnikov, Roman"]
[Black "Pacey, Kevin"]
[Result "1-0"]
[WhiteElo "2301"]
[BlackElo "2318"]
[PlyCount "86"]
[GameId "2160767910231349"]
[EventDate "2009.03.20"]
[EventType "swiss"]
[EventRounds "5"]
[EventCountry "CAN"]

1. e4 e6 2. d4 d5 3. e5 c5 4. c3 Qb6 5. Nf3 Nc6 6. a3 c4 7. Nbd2 Bd7 8. b3 cxb3 9. Nxb3 Na5 10. Nxa5 Qxa5 11. Bd2 Qc7 12. a4 Ne7 13. Bd3 Nc6 14. Qb1 h6 15. O-O Na5 16. Rc1 Rb8 17. Be3 Nc4 18. Bxc4 Qxc4 19. Nd2 Qa6 20. c4 dxc4 21. Rxc4 Be7 22. Qd1 Qa5 23. Qg4 Kf8 24. Rac1 Bc6 25. Qg3 Qd5 26. f3 Qd8 27. Ne4 Bh4 28. Qg4 h5 29. Qh3 Be7 30. Bd2 Bd5 31. R4c3 Bxe4 32. fxe4 Bb4 33. Rd3 Bxd2 34. Rxd2 g6 35. d5 Qg5 36. Qc3 Kg7 37. Qd4 Rbc8 38. Rcd1 Rhd8 39. Rf2 Rc1 40. Rdf1 Rxf1+ 41. Rxf1 b6 42. Qc3 Rd7 43. d6 Qd8 1-0

[Event "RA Summer Pickup #1"]
[Site "Ottawa CAN"]
[Date "2009.05.14"]
[Round "1"]
[White "Palsson, Halldor"]
[Black "Pacey, Kevin"]
[Result "1/2-1/2"]
[WhiteElo "2094"]
[BlackElo "2316"]
[PlyCount "83"]
[GameId "2160767910156813"]
[EventDate "2009.05.14"]
[EventType "swiss"]
[EventRounds "6"]
[EventCountry "CAN"]

1. d4 e6 2. c4 Nf6 3. Nc3 d5 4. cxd5 exd5 5. Bg5 Nbd7 6. e3 c6 7. Bd3 Be7 8. Nf3 O-O 9. Qc2 Re8 10. O-O Nf8 11. Rab1 a5 12. a3 Be6 13. b4 axb4 14. axb4 N6d7 15. Bf4 Bg4 16. Nd2 Bg5 17. Bg3 h5 18. h3 h4 19. Bh2 Bh5 20. b5 Ra3 21. Bd6 Ra7 22. bxc6 bxc6 23. e4 Ne6 24. Nb3 Nf4 25. Bxf4 Bxf4 26. exd5 Qg5 27. Rfe1 Rxe1+ 28. Rxe1 g6 29. dxc6 Bf3 30. Bf1 Bxc6 31. Ne4 Bxe4 32. Qxe4 Bd6 33. Bc4 Nb6 34. Be2 Re7 35. Qf3 Nd5 36. Ra1 Kg7 37. Bf1 Bc7 38. Rc1 Nf4 39. Rc5 Qf6 40. Rc6 Qf5 41. Rc5 Qd7 42. Qc6 1/2-1/2

[Event "RA Summer Pickup #1"]
[Site "Ottawa CAN"]
[Date "2009.05.21"]
[Round "2"]
[White "Pacey, Kevin"]
[Black "Davies, Alex"]
[Result "1/2-1/2"]
[WhiteElo "2316"]
[BlackElo "2233"]
[PlyCount "61"]
[GameId "2160767910156814"]
[EventDate "2009.05.14"]
[EventType "swiss"]
[EventRounds "6"]
[EventCountry "CAN"]

1. e4 e5 2. Nf3 Nc6 3. Bb5 a6 4. Ba4 Nf6 5. O-O Nxe4 6. d4 b5 7. Bb3 d5 8. Nxe5 Nxe5 9. dxe5 Be6 10. Be3 c6 11. c3 Qd7 12. Nd2 Nc5 13. Bc2 Bf5 14. Bxf5 Qxf5 15. Nb3 Nxb3 16. axb3 Be7 17. c4 dxc4 18. bxc4 O-O 19. cxb5 axb5 20. Rc1 Qxe5 21. Rxc6 Qxb2 22. Bd4 Qb4 23. Bc3 Qf4 24. Qe2 Qg5 25. Rb6 Bc5 26. Rxb5 Qe7 27. Qb2 f6 28. Rb7 Qd6 29. Bb4 Bxb4 30. Qxb4 Qxb4 31. Rxb4 1/2-1/2

[Event "RA Summer Pickup #1"]
[Site "Ottawa CAN"]
[Date "2009.05.28"]
[Round "3"]
[White "Gordon, David"]
[Black "Pacey, Kevin"]
[Result "0-1"]
[WhiteElo "2248"]
[BlackElo "2316"]
[PlyCount "74"]
[GameId "2160767910156815"]
[EventDate "2009.05.14"]
[EventType "swiss"]
[EventRounds "6"]
[EventCountry "CAN"]

1. d4 Nf6 2. Bg5 c5 3. Bxf6 gxf6 4. d5 Qb6 5. Qc1 Bh6 6. e3 Rg8 7. g3 f5 8. Na3 Rg4 9. c3 Qf6 10. Qd2 d6 11. Be2 Rg8 12. Bb5+ Bd7 13. Bxd7+ Nxd7 14. Nb5 Kf8 15. c4 a6 16. Nc3 Ne5 17. Qe2 b5 18. cxb5 axb5 19. Qxb5 c4 20. f4 Nd3+ 21. Ke2 Kg7 22. Qxc4 Nxb2 23. Qd4 Qxd4 24. exd4 Rgc8 25. Rb1 Na4 26. Nb5 Rc2+ 27. Kf3 Nb2 28. Ne2 Nc4 29. Rbc1 Nd2+ 30. Ke3 Rcxa2 31. Rhd1 Ne4 32. Nbc3 Nxc3 33. Rxc3 R8a5 34. Rb1 Rxd5 35. Rb7 e5 36. dxe5 Rxe5+ 37. Kd3 Rexe2 0-1

[Event "RA Summer Pickup #1"]
[Site "Ottawa CAN"]
[Date "2009.06.04"]
[Round "4"]
[White "Pacey, Kevin"]
[Black "Upper, John"]
[Result "1/2-1/2"]
[WhiteElo "2316"]
[BlackElo "2098"]
[PlyCount "68"]
[GameId "2160767910156816"]
[EventDate "2009.05.14"]
[EventType "swiss"]
[EventRounds "6"]
[EventCountry "CAN"]

1. b3 e5 2. Bb2 Nc6 3. e3 d5 4. Bb5 Bd6 5. c4 a6 6. Bxc6+ bxc6 7. c5 Bxc5 8. Bxe5 Ne7 9. Ne2 O-O 10. O-O f6 11. Bb2 a5 12. Nbc3 Ba6 13. Na4 Bd6 14. Rc1 Qe8 15. Re1 Qg6 16. Nc5 Bc8 17. Nf4 Qh6 18. g3 Rb8 19. h4 Bf5 20. Nfe6 Rfe8 21. Nd4 Bc8 22. Nd3 Ba6 23. Nc5 Bc8 24. Kg2 Rb6 25. Rh1 Ng6 26. Na4 Rb4 27. Nxc6 Rxa4 28. bxa4 Ba6 29. d4 Ne7 30. Nxe7+ Rxe7 31. Bc3 Qg6 32. h5 Qf5 33. Qf3 Qg5 34. Rhd1 Bc8 1/2-1/2

[Event "RA Summer Pickup #1"]
[Site "Ottawa CAN"]
[Date "2009.06.11"]
[Round "5"]
[White "Marinkovic, Mate"]
[Black "Pacey, Kevin"]
[Result "0-1"]
[WhiteElo "2102"]
[BlackElo "2316"]
[PlyCount "92"]
[GameId "2160767910156817"]
[EventDate "2009.05.14"]
[EventType "swiss"]
[EventRounds "6"]
[EventCountry "CAN"]

1. e4 c5 2. Nc3 e6 3. g3 d5 4. d3 d4 5. Nce2 g6 6. Bg2 Bg7 7. f4 Ne7 8. Nf3 Nbc6 9. O-O O-O 10. c4 dxc3 11. bxc3 b6 12. Qc2 Nb4 13. Qd2 Nxd3 14. Rd1 Ba6 15. Ba3 Qc7 16. Qc2 Rad8 17. Rab1 Nc6 18. Bf1 Rfe8 19. Nc1 Nxc1 20. Rxd8 Rxd8 21. Bxa6 Nxa2 22. Qxa2 Bxc3 23. Qc4 Bg7 24. e5 Nd4 25. Nxd4 Rxd4 26. Qxd4 cxd4 27. Rc1 Bxe5 28. Rxc7 Bxc7 29. Kf2 Kg7 30. Kf3 f5 31. Bb2 e5 32. fxe5 Bxe5 33. Ke2 d3+ 34. Kxd3 Bxb2 35. Kc4 Kf6 36. Kd5 h5 37. Kc6 Bd4 38. Kb7 Bg1 39. h3 Bf2 40. Kxa7 b5+ 41. Kb7 b4 42. Bc4 Bxg3 43. Kc6 Ke5 44. Kd7 f4 45. Ke7 f3 46. Kf7 f2 0-1